Trend v IT v znamení mobility a tvorby domácich sietí

Mobilné počítače a dostupnosť internetu ako hlavné faktory podpory rastu informačno-komunikačných technológií v Európe. Dopyt po produktoch kategórie "domáci networking". Nové výrobky smerujúce k maximálnej mobilite. Správanie zákazníkov a produktová stratégia.

Gespeichert in:
Bibliographische Detailangaben
1. Verfasser: Mittelmann, Zuzana
Format: Buchkapitel
Sprache:Slowakisch
Schlagworte:
Tags: Tag hinzufügen
Keine Tags, Fügen Sie das erste Tag hinzu!

MARC

LEADER 00000naa a2200000 4500
001 0119324
005 20231006123646.9
041 0 |a slo 
044 |a SK 
245 1 0 |a Trend v IT v znamení mobility a tvorby domácich sietí  |c Zuzana Mittelmann 
520 |a Mobilné počítače a dostupnosť internetu ako hlavné faktory podpory rastu informačno-komunikačných technológií v Európe. Dopyt po produktoch kategórie "domáci networking". Nové výrobky smerujúce k maximálnej mobilite. Správanie zákazníkov a produktová stratégia. 
610 2 0 |a technológie informačné 
610 2 0 |a technológie komunikačné 
610 2 0 |a počítače 
610 2 0 |a softvér 
610 2 0 |a telefón mobilný 
610 2 0 |a médiá pamäťové 
610 2 0 |a komunikácia elektronická 
610 2 0 |a internet 
610 2 0 |a siete dátové 
100 1 |a Mittelmann, Zuzana